Goleadores de España en los Mundiales - Estadísticas

Estadísticas generales
  • Esta prueba ha sido intentada 215 veces
  • La puntuación promedio es 17 de 54
Estadísticas de respuestas
Nº goles Jugador % Correcto
9 David Villa
99%
2 Andrés Iniesta
94%
2 Ferrán Torres
92%
4 Fernando Torres
91%
1 Carles Puyol
88%
3 Álvaro Morata
86%
5 Raúl González
83%
2 Xabi Alonso
73%
3 Diego Costa
59%
5 Emilio Butragueño
58%
5 Fernando Morientes
58%
5 Fernando Hierro
57%
1 Iago Aspas
54%
1 Pablo Gavi
49%
1 Dani Olmo
43%
1 Juan Manuel Asensi
38%
1 Isco Alarcón
35%
1 Marco Asensio
35%
1 Juan Mata
34%
1 Nacho Fernández
34%
2 Luis Enrique Martínez
33%
3 Julio Salinas
30%
4 Míchel
28%
1 Juanito Gómez
27%
1 Juanito Gutiérrez
27%
4 Telmo Zarra
26%
1 Pep Guardiola
25%
1 Juan Antonio Senor
24%
1 Pirri
24%
1 Amancio Amaro
22%
1 Gaizka Mendieta
22%
1 Manuel Sanchís
18%
1 Carlos Soler
16%
3 José Luis Caminero
16%
1 Juan Carlos Valerón
16%
1 Jesús Zamora
9%
1 Roberto López Ufarte
9%
1 Andoni Goikoetxea
8%
2 Jon Andoni Goikoetxea
8%
1 Kiko Narváez
6%
1 Eloy Olaya
5%
1 Txiki Beguiristain
5%
2 Ramón María Caldere
4%
4 Estanislao Basora
3%
1 Isidro Langara
3%
1 José María Fuste
3%
1 Adelardo Rodríguez
2%
1 Alberto Gorriz
2%
1 Enrique Saura
2%
1 Joaquín Peiró
2%
1 Luis Regueiro
2%
2 Silvestre Igoa
2%
1 Daniel Ruiz-Bazán
1%
2 José Iraragorri
1%
No se encontraron pruebas coincidentes
Distribución de puntuación
Porcentaje de gente con cada puntuación
Porcentaje por número respondido
Historial de tus puntuaciones
No has intentado esta prueba.